[Event "Moncada Cup-E"]
[Site "Santiago de Cuba"]
[Date "2019.03.26"]
[Round "7.1"]
[White "Neyra Ferrer, Jose Asdrubal"]
[Black "Vazquez Lopez, Roberto Carlos"]
[Result "1/2-1/2"]
[WhiteElo "2157"]
[BlackElo "2144"]
[PlyCount "72"]
[EventDate "2019.03.20"]
[EventType "tourn"]
[EventRounds "10"]
[EventCountry "CUB"]
[SourceTitle "EXT 2023"]
[Source "ChessBase"]
[SourceDate "2022.10.05"]
[SourceVersion "1"]
[SourceVersionDate "2022.10.05"]
[SourceQuality "1"]

1. e4 e5 2. Nf3 Nc6 3. Bb5 a6 4. Ba4 Nf6 5. 0-0 Be7 6. d3 b5 7. Bb3 0-0 8. a4 Rb8 9. axb5 axb5 10. Nc3 d6 11. h3 h6 12. Be3 Be6 13. Nd5 Bxd5 14. exd5 Nb4 15. Bd2 Nbxd5 16. Nh4 Re8 17. Qf3 c6 18. Nf5 Bf8 19. Ra7 Ra8 20. Rxa8 Qxa8 21. c4 bxc4 22. dxc4 Nf4 23. Bxf4 exf4 24. Qxf4 Qd8 25. Rd1 Re6 26. Bc2 Qa5 27. Nxd6 Qb4 28. Nf5 Qxb2 29. Nd4 Rd6 30. Nf5 Qxc2 31. Rxd6 Bxd6 32. Nxd6 Qd3 33. Qe5 Qa3 34. g3 Qa7 35. Nf5 Kh7 36. c5 Qd7 1/2-1/2

[Event "Moncada Cup-E"]
[Site "Santiago de Cuba"]
[Date "2019.03.21"]
[Round "2.1"]
[White "Vazquez Lopez, Roberto Carlos"]
[Black "Neyra Ferrer, Jose Asdrubal"]
[Result "1-0"]
[WhiteElo "2144"]
[BlackElo "2157"]
[PlyCount "75"]
[EventDate "2019.03.20"]
[EventType "tourn"]
[EventRounds "10"]
[EventCountry "CUB"]
[SourceTitle "EXT 2023"]
[Source "ChessBase"]
[SourceDate "2022.10.05"]
[SourceVersion "1"]
[SourceVersionDate "2022.10.05"]
[SourceQuality "1"]

1. d4 d5 2. c4 e6 3. Nc3 Nf6 4. cxd5 exd5 5. Bg5 Be7 6. e3 0-0 7. Bd3 Nbd7 8. Nge2 Re8 9. 0-0 Nf8 10. Qd2 Ne4 11. Bxe4 dxe4 12. Bxe7 Rxe7 13. Ng3 f5 14. f3 exf3 15. Rxf3 Ng6 16. Nxf5 Bxf5 17. Rxf5 c6 18. e4 Qd7 19. Raf1 Rd8 20. d5 h6 21. Qf2 b6 22. h4 Kh7 23. h5 Ne5 24. Qg3 Qd6 25. dxc6 Nxc6 26. Qxd6 Rxd6 27. Rf8 Rd8 28. Kh2 Rxf8 29. Rxf8 Re5 30. g4 g6 31. Rc8 Re6 32. Rc7+ Kh8 33. Nd5 gxh5 34. gxh5 Na5 35. Kg3 Nc6 36. Nf4 Rd6 37. Ng6+ Kg8 38. Rxc6 1-0

[Event "Santiago de Cuba Province-ch tt"]
[Site "Santiago de Cuba"]
[Date "2018.10.15"]
[Round "9.1"]
[White "Neyra Ferrer, Jose Asdrubal"]
[Black "Lavigne Lopez, Raul Leonardo"]
[Result "1/2-1/2"]
[WhiteElo "2180"]
[BlackElo "2109"]
[PlyCount "49"]
[EventDate "2018.10.09"]
[EventType "team-tourn"]
[EventRounds "10"]
[EventCountry "CUB"]
[SourceTitle "EXT 2021"]
[Source "ChessBase"]
[SourceDate "2020.10.23"]
[SourceVersion "1"]
[SourceVersionDate "2020.10.23"]
[SourceQuality "1"]

1. e4 e5 2. Nf3 Nc6 3. Bb5 a6 4. Ba4 Nf6 5. Qe2 b5 6. Bb3 Be7 7. c3 0-0 8. 0-0 d6 9. d3 Na5 10. Bc2 c5 11. Rd1 Qc7 12. Nbd2 Bb7 13. Nf1 Rfe8 14. Ng3 g6 15. Bg5 Nc6 16. Rac1 Nd8 17. d4 Ne6 18. Be3 Bf8 19. dxe5 dxe5 20. Nh4 Bg7 21. Rd2 Rad8 22. h3 Rxd2 23. Qxd2 Qd7 24. Nf3 Qxd2 25. Nxd2 1/2-1/2

[Event "Santiago de Cuba Province-ch tt"]
[Site "Santiago de Cuba"]
[Date "2018.10.10"]
[Round "2.2"]
[White "Neyra Ferrer, Jose Asdrubal"]
[Black "Calderin Gamayo, Julio Cesar"]
[Result "1-0"]
[WhiteElo "2180"]
[BlackElo "2160"]
[PlyCount "95"]
[EventDate "2018.10.09"]
[EventType "team-tourn"]
[EventRounds "10"]
[EventCountry "CUB"]
[SourceTitle "EXT 2021"]
[Source "ChessBase"]
[SourceDate "2020.10.23"]
[SourceVersion "1"]
[SourceVersionDate "2020.10.23"]
[SourceQuality "1"]

1. e4 e6 2. d4 d5 3. Nd2 dxe4 4. Nxe4 Qd5 5. Bd3 Nf6 6. Nxf6+ gxf6 7. Nf3 b6 8. Qe2 Bb7 9. Bd2 Rg8 10. c4 Qh5 11. Be4 c6 12. Ng1 Qxe2+ 13. Nxe2 f5 14. Bf3 Nd7 15. Bc3 0-0-0 16. 0-0 Bd6 17. b4 c5 18. Bxb7+ Kxb7 19. dxc5 bxc5 20. Rfd1 Be7 21. bxc5 Bxc5 22. Nd4 Nb6 23. Nb3 Be7 24. Na5+ Ka6 25. Nc6 Rxd1+ 26. Rxd1 Bc5 27. Ne5 Rf8 28. Kf1 Be7 29. Ke2 Bf6 30. Bb4 Rc8 31. Nd7 Rxc4 32. Nxf6 Rxb4 33. Nxh7 Rg4 34. g3 Nd5 35. Kf3 Rg8 36. h4 Rc8 37. Ng5 Rc3+ 38. Kg2 Rc2 39. Kg1 f4 40. Nxf7 fxg3 41. fxg3 Ka5 42. Re1 Nc3 43. Rxe6 Nxa2 44. Kf1 Rh2 45. Kg1 Rb2 46. h5 Rb7 47. Rf6 Rb5 48. g4 1-0

[Event "Santiago de Cuba Province-ch final"]
[Site "Santiago de Cuba"]
[Date "2018.09.30"]
[Round "8"]
[White "Romero Arzuaga, Yudel"]
[Black "Neyra Ferrer, Jose Asdrubal"]
[Result "1-0"]
[WhiteElo "2192"]
[BlackElo "2180"]
[PlyCount "69"]
[EventDate "2018.09.26"]
[EventType "swiss"]
[EventRounds "9"]
[EventCountry "CUB"]
[SourceTitle "EXT 2021"]
[Source "ChessBase"]
[SourceDate "2020.10.23"]
[SourceVersion "1"]
[SourceVersionDate "2020.10.23"]
[SourceQuality "1"]

1. c4 c5 2. Nc3 Nc6 3. Nf3 g6 4. g3 Bg7 5. Bg2 d6 6. a3 e5 7. Rb1 a5 8. d3 Nge7 9. 0-0 0-0 10. Ne1 Be6 11. Nc2 d5 12. cxd5 Nxd5 13. Ne3 Nde7 14. Nc4 Rb8 15. a4 Nd5 16. Ne3 Ndb4 17. Bd2 f5 18. Nb5 Nd4 19. Nxd4 cxd4 20. Bxb4 axb4 21. Nc4 Bxc4 22. dxc4 e4 23. Qb3 Qe7 24. f3 Kh8 25. fxe4 fxe4 26. Qc2 Rbe8 27. c5 Rf5 28. c6 Rc5 29. Qxe4 Re5 30. Qxd4 Rxe2 31. Qd5 bxc6 32. Qxc6 Qa7+ 33. Kh1 Bxb2 34. Rxb2 Re1 35. Rb1 1-0

[Event "Santiago de Cuba Province-ch final"]
[Site "Santiago de Cuba"]
[Date "2018.09.28"]
[Round "4"]
[White "Blanco Hechavarria, Gerardo"]
[Black "Neyra Ferrer, Jose Asdrubal"]
[Result "0-1"]
[WhiteElo "1919"]
[BlackElo "2180"]
[PlyCount "46"]
[EventDate "2018.09.26"]
[EventType "swiss"]
[EventRounds "9"]
[EventCountry "CUB"]
[SourceTitle "EXT 2021"]
[Source "ChessBase"]
[SourceDate "2020.10.23"]
[SourceVersion "1"]
[SourceVersionDate "2020.10.23"]
[SourceQuality "1"]

1. d4 Nf6 2. c4 e6 3. Nc3 d5 4. Nf3 c6 5. Bg5 dxc4 6. e4 b5 7. e5 h6 8. Bh4 g5 9. Nxg5 hxg5 10. Bxg5 Be7 11. Bxf6 Bxf6 12. exf6 Qxf6 13. g3 Bb7 14. Bg2 Na6 15. Nxb5 0-0-0 16. Nxa7+ Kb8 17. Nxc6+ Bxc6 18. Bxc6 Nb4 19. Qf3 Nd3+ 20. Kf1 Qxd4 21. Qxf7 Rh7 22. Qf3 Qd6 23. b3 Rf8 0-1

[Event "Santiago de Cuba Province-ch Mix1"]
[Site "Santiago de Cuba"]
[Date "2018.09.24"]
[Round "9"]
[White "Neyra Ferrer, Jose Asdrubal"]
[Black "Linares Napoles, Oleiny"]
[Result "1-0"]
[WhiteElo "2180"]
[BlackElo "2231"]
[PlyCount "131"]
[EventDate "2018.09.19"]
[EventType "tourn"]
[EventRounds "10"]
[EventCountry "CUB"]
[SourceTitle "EXT 2021"]
[Source "ChessBase"]
[SourceDate "2020.10.23"]
[SourceVersion "1"]
[SourceVersionDate "2020.10.23"]
[SourceQuality "1"]

1. e4 d6 2. d4 Nf6 3. Nc3 e5 4. Nf3 Nbd7 5. Bc4 Be7 6. 0-0 0-0 7. a4 a5 8. Re1 c6 9. Ba2 Qc7 10. Bg5 Re8 11. Qd2 Nf8 12. h3 Bd7 13. Rad1 Rad8 14. Qc1 Ng6 15. Nh4 Nxh4 16. Bxh4 exd4 17. Rxd4 Be6 18. Qa1 Bxa2 19. Qxa2 Nd7 20. Bxe7 Rxe7 21. Red1 Nc5 22. Qc4 h6 23. b3 Rde8 24. g3 Re6 25. Kg2 Qe7 26. f3 Rg6 27. Qf1 Ne6 28. R4d2 Qg5 29. Qf2 d5 30. exd5 Nf4+ 31. Kh2 cxd5 32. Nxd5 Nxd5 33. Rxd5 Re2 34. Rxg5 Rxf2+ 35. Kg1 Rxc2 36. Rxg6 fxg6 37. Rd7 Rc3 38. Rxb7 Rxf3 39. Kg2 Rc3 40. h4 h5 41. Rb5 Kf7 42. Rxa5 Rxb3 43. Rg5 Ra3 44. a5 Kf6 45. Kf2 Kf7 46. Ke2 Kf6 47. Kd2 Kf7 48. Kc2 Kf6 49. Kb2 Ra4 50. Kb3 Ra1 51. Kb4 Ra2 52. Kb5 Rb2+ 53. Kc6 Ra2 54. Kb6 Re2 55. Rc5 g5 56. hxg5+ Kg6 57. a6 Rb2+ 58. Rb5 Rxb5+ 59. Kxb5 Kxg5 60. a7 Kg4 61. a8Q Kxg3 62. Qg8 h4 63. Qxg7+ Kh2 64. Qe5+ Kg2 65. Qg5+ Kh3 66. Kc4 1-0

[Event "Santiago de Cuba Province-ch Mix1"]
[Site "Santiago de Cuba"]
[Date "2018.09.20"]
[Round "3"]
[White "Batista Suarez, Jeorling Yahytin"]
[Black "Neyra Ferrer, Jose Asdrubal"]
[Result "1-0"]
[WhiteElo "2260"]
[BlackElo "2180"]
[PlyCount "101"]
[EventDate "2018.09.19"]
[EventType "tourn"]
[EventRounds "10"]
[EventCountry "CUB"]
[SourceTitle "EXT 2021"]
[Source "ChessBase"]
[SourceDate "2020.10.23"]
[SourceVersion "1"]
[SourceVersionDate "2020.10.23"]
[SourceQuality "1"]

1. e4 c5 2. Nf3 g6 3. d4 Bg7 4. c3 cxd4 5. cxd4 d5 6. Bb5+ Bd7 7. Bxd7+ Qxd7 8. exd5 Nf6 9. 0-0 0-0 10. Ne5 Qxd5 11. Nc3 Qd6 12. Re1 Nc6 13. Nxc6 bxc6 14. Be3 Rab8 15. b3 Rfd8 16. Rc1 Rbc8 17. Qf3 Qb4 18. Red1 Qa5 19. Na4 Nd5 20. h3 Rd6 21. Rc5 Qd8 22. Rcc1 Qd7 23. Nc5 Qf5 24. Qxf5 gxf5 25. g3 e6 26. Nb7 Rd7 27. Na5 Ne7 28. Kf1 h6 29. Ke2 Rd5 30. b4 Kf8 31. Rc4 Ke8 32. Rdc1 Kd7 33. a4 f4 34. gxf4 Rh5 35. Rh1 Bf8 36. Bd2 Nd5 37. Nb3 Bd6 38. Nc5+ Ke7 39. Nd3 Nb6 40. Rc2 Nxa4 41. Ra1 Nb6 42. Rxa7+ Ke8 43. Ne5 Bxe5 44. fxe5 Rxh3 45. Ra6 Rb8 46. Rxc6 Nd5 47. Ra7 h5 48. Rd6 Rd8 49. Rxd8+ Kxd8 50. Rxf7 h4 51. Rh7 1-0

[Event "Santiago de Cuba Province-ch Mix1"]
[Site "Santiago de Cuba"]
[Date "2018.09.19"]
[Round "1"]
[White "Alvarez Calzadilla, Jose Avelino"]
[Black "Neyra Ferrer, Jose Asdrubal"]
[Result "1-0"]
[WhiteElo "2230"]
[BlackElo "2180"]
[PlyCount "55"]
[EventDate "2018.09.19"]
[EventType "tourn"]
[EventRounds "10"]
[EventCountry "CUB"]
[SourceTitle "EXT 2021"]
[Source "ChessBase"]
[SourceDate "2020.10.23"]
[SourceVersion "1"]
[SourceVersionDate "2020.10.23"]
[SourceQuality "1"]

1. e4 c5 2. Nf3 e6 3. Nc3 Nc6 4. d4 cxd4 5. Nxd4 Qc7 6. g3 a6 7. Bg2 Nf6 8. 0-0 Be7 9. Be3 0-0 10. f4 d6 11. Qe2 Bd7 12. Nb3 Na5 13. Rae1 Bc6 14. Nd4 Bd7 15. Kh1 Rfe8 16. g4 e5 17. Nf5 Bxf5 18. exf5 Nc4 19. g5 Nxe3 20. Qxe3 Nd7 21. f6 gxf6 22. Be4 Nf8 23. Nd5 Qd8 24. fxe5 fxg5 25. exd6 Qxd6 26. Nxe7+ Rxe7 27. Bxh7+ Nxh7 28. Qxe7 1-0

[Event "Santiago de Cuba Province-ch Mix1"]
[Site "Santiago de Cuba"]
[Date "2018.09.19"]
[Round "2"]
[White "Neyra Ferrer, Jose Asdrubal"]
[Black "De la Fe Almeida, Enmanuel Jesus"]
[Result "0-1"]
[WhiteElo "2180"]
[BlackElo "2308"]
[PlyCount "84"]
[EventDate "2018.09.19"]
[EventType "tourn"]
[EventRounds "10"]
[EventCountry "CUB"]
[SourceTitle "EXT 2021"]
[Source "ChessBase"]
[SourceDate "2020.10.23"]
[SourceVersion "1"]
[SourceVersionDate "2020.10.23"]
[SourceQuality "1"]

1. e4 c5 2. Nf3 d6 3. d4 cxd4 4. Nxd4 Nf6 5. Nc3 Nc6 6. Bc4 e6 7. Bb3 Be7 8. 0-0 0-0 9. Kh1 Na5 10. f4 Nxb3 11. cxb3 Bd7 12. Qf3 Qa5 13. a3 Rac8 14. Be3 a6 15. Rad1 Rfd8 16. f5 e5 17. b4 Qc7 18. Nde2 Qc4 19. Bg5 Bc6 20. Bxf6 Bxf6 21. Nc1 Bb5 22. Rfe1 Bg5 23. N1e2 Be8 24. Rd3 Qb3 25. Nb5 Qc2 26. Nbc3 Qxb2 27. Red1 h6 28. g3 Bc6 29. h4 Bf6 30. R1d2 Qxa3 31. Nd5 Qa1+ 32. Rd1 Qa2 33. Nec3 Qc4 34. Kh2 Bxd5 35. Nxd5 Qa2+ 36. R3d2 Rc2 37. Qd3 Rdc8 38. Nxf6+ gxf6 39. Qxd6 Kg7 40. Kh3 Rxd2 41. Rxd2 Qb1 42. Kh2 Qxe4 0-1

[Event "Moncada Cup-C"]
[Site "Santiago de Cuba"]
[Date "2018.03.23"]
[Round "5"]
[White "Neyra Ferrer, Jose Asdrubal"]
[Black "Miranda Rodriguez, Tania"]
[Result "0-1"]
[WhiteElo "2211"]
[BlackElo "2218"]
[PlyCount "38"]
[EventDate "2018.03.20"]
[EventType "tourn"]
[EventRounds "10"]
[EventCountry "CUB"]
[SourceTitle "EXT 2021"]
[Source "ChessBase"]
[SourceDate "2020.10.23"]
[SourceVersion "1"]
[SourceVersionDate "2020.10.23"]
[SourceQuality "1"]

1. e4 e5 2. Nf3 Nc6 3. Nc3 Nf6 4. Bb5 Nd4 5. Bc4 Bc5 6. d3 Qe7 7. Be3 c6 8. Bxd4 exd4 9. Ne2 0-0 10. 0-0 d5 11. exd5 cxd5 12. Bb3 Bg4 13. Ng3 h5 14. Re1 Qc7 15. h3 h4 16. Nf1 Bh5 17. N1h2 Bd6 18. Qd2 a5 19. Ba4 Bf4 0-1

[Event "Moncada Cup-C"]
[Site "Santiago de Cuba"]
[Date "2018.03.22"]
[Round "3"]
[White "Neyra Ferrer, Jose Asdrubal"]
[Black "Cazulo Ramirez, Jesus David"]
[Result "1/2-1/2"]
[WhiteElo "2211"]
[BlackElo "2210"]
[PlyCount "30"]
[EventDate "2018.03.20"]
[EventType "tourn"]
[EventRounds "10"]
[EventCountry "CUB"]
[SourceTitle "EXT 2021"]
[Source "ChessBase"]
[SourceDate "2020.10.23"]
[SourceVersion "1"]
[SourceVersionDate "2020.10.23"]
[SourceQuality "1"]

1. e4 e5 2. Nf3 Nf6 3. Nxe5 d6 4. Nf3 Nxe4 5. Qe2 Qe7 6. d3 Nf6 7. Bg5 Qxe2+ 8. Bxe2 Be7 9. Bxf6 Bxf6 10. Nc3 Bxc3+ 11. bxc3 Nc6 12. Kd2 Bg4 13. h3 Bxf3 14. Bxf3 Kd7 15. Bxc6+ bxc6 1/2-1/2

[Event "Moncada Cup-C"]
[Site "Santiago de Cuba"]
[Date "2018.03.22"]
[Round "4"]
[White "Saiz Rodriguez, Daniel Evelio"]
[Black "Neyra Ferrer, Jose Asdrubal"]
[Result "1/2-1/2"]
[WhiteElo "2256"]
[BlackElo "2211"]
[PlyCount "54"]
[EventDate "2018.03.20"]
[EventType "tourn"]
[EventRounds "10"]
[EventCountry "CUB"]
[SourceTitle "EXT 2021"]
[Source "ChessBase"]
[SourceDate "2020.10.23"]
[SourceVersion "1"]
[SourceVersionDate "2020.10.23"]
[SourceQuality "1"]

1. e4 c5 2. Nf3 e6 3. d4 cxd4 4. Nxd4 Nc6 5. Nb5 d6 6. c4 Nf6 7. N1c3 a6 8. Na3 Be7 9. Be2 0-0 10. 0-0 b6 11. Be3 Bb7 12. f3 Re8 13. Qb3 d5 14. cxd5 exd5 15. Bxb6 Qb8 16. Nxd5 Nxd5 17. Qxd5 Bd6 18. Qh5 Re5 19. Qh4 Re6 20. Be3 Ne5 21. f4 Ng6 22. Qf2 Bxe4 23. Nc4 Bc7 24. Rae1 Ne7 25. Ne5 Qxb2 26. Bc4 Qxf2+ 27. Bxf2 Bd5 1/2-1/2

[Event "Adelquis Remon Memorial-D"]
[Site "Holguin"]
[Date "2017.11.06"]
[Round "8.1"]
[White "Romero Arzuaga, Yudel"]
[Black "Neyra Ferrer, Jose Asdrubal"]
[Result "0-1"]
[WhiteElo "2162"]
[BlackElo "2161"]
[PlyCount "92"]
[EventDate "2017.11.02"]
[EventType "tourn"]
[EventRounds "10"]
[EventCountry "CUB"]
[SourceTitle "EXT 2023"]
[Source "ChessBase"]
[SourceDate "2022.10.05"]
[SourceVersion "1"]
[SourceVersionDate "2022.10.05"]
[SourceQuality "1"]

1. c4 e5 2. g3 Nf6 3. Bg2 d5 4. cxd5 Nxd5 5. Nc3 Nb6 6. Nf3 Nc6 7. d3 Be7 8. 0-0 0-0 9. Bd2 Be6 10. a3 a5 11. Rc1 f6 12. Ne4 Qd7 13. Be3 Nd4 14. Nxd4 exd4 15. Bd2 c6 16. Nc5 Bxc5 17. Rxc5 a4 18. Ra5 Bb3 19. Qc1 Rfe8 20. Rxa8 Nxa8 21. Bf3 Re5 22. Bf4 Rb5 23. Bb8 Nc7 24. Bxc7 Qxc7 25. e4 Qd6 26. Qd2 Qe5 27. Bg2 Qc7 28. Rc1 Kf7 29. f4 Qb6 30. Bh3 Ba2 31. Rc2 Bb1 32. e5 Bxc2 33. Qxc2 Qc5 34. e6+ Ke7 35. Qd2 Rb3 36. Bf1 Qb5 37. Qe2 Rxb2 38. Qe4 Qh5 39. h3 Qg6 40. Qf3 Qf5 41. Bg2 Qxe6 42. Qh5 Qe2 43. Qc5+ Ke8 44. Bxc6+ bxc6 45. Qxc6+ Kf8 46. Qc5+ Qe7 0-1

[Event "Adelquis Remon Memorial-D"]
[Site "Holguin"]
[Date "2017.11.05"]
[Round "7.3"]
[White "Neyra Ferrer, Jose Asdrubal"]
[Black "Charon Mustelier, Manuel"]
[Result "1-0"]
[WhiteElo "2161"]
[BlackElo "2177"]
[PlyCount "65"]
[EventDate "2017.11.02"]
[EventType "tourn"]
[EventRounds "10"]
[EventCountry "CUB"]
[SourceTitle "EXT 2023"]
[Source "ChessBase"]
[SourceDate "2022.10.05"]
[SourceVersion "1"]
[SourceVersionDate "2022.10.05"]
[SourceQuality "1"]

1. e4 e5 2. Nf3 Nc6 3. Bb5 Nf6 4. Nc3 d6 5. d4 exd4 6. Nxd4 Bd7 7. 0-0 Be7 8. Re1 0-0 9. Bg5 Re8 10. Qd2 Nxd4 11. Qxd4 Bxb5 12. Nxb5 Nd7 13. Bxe7 Rxe7 14. Rad1 Re5 15. c4 a6 16. Nc3 b5 17. Nd5 Nf6 18. f4 Re8 19. e5 Nxd5 20. cxd5 Qh4 21. Re4 h6 22. e6 fxe6 23. dxe6 Re7 24. f5 Qh5 25. Rf1 Rf8 26. Ref4 Qg5 27. Qe4 Qf6 28. R1f2 Rd8 29. Rg4 Rf8 30. Rg6 Qe5 31. Qxe5 dxe5 32. f6 Rxe6 33. f7+ 1-0

[Event "Adelquis Remon Memorial-D"]
[Site "Holguin"]
[Date "2017.11.03"]
[Round "4.3"]
[White "Neyra Ferrer, Jose Asdrubal"]
[Black "Valdes Martinez, Miguel A"]
[Result "1-0"]
[WhiteElo "2161"]
[BlackElo "2181"]
[PlyCount "111"]
[EventDate "2017.11.02"]
[EventType "tourn"]
[EventRounds "10"]
[EventCountry "CUB"]
[SourceTitle "EXT 2023"]
[Source "ChessBase"]
[SourceDate "2022.10.05"]
[SourceVersion "1"]
[SourceVersionDate "2022.10.05"]
[SourceQuality "1"]

1. e4 c5 2. Nf3 e6 3. d4 cxd4 4. Nxd4 Nc6 5. Nb5 d6 6. Bf4 e5 7. Be3 a6 8. N5c3 Nf6 9. Be2 Be7 10. a4 0-0 11. Na3 Be6 12. Nc4 Bxc4 13. Bxc4 Rc8 14. Ba2 h6 15. 0-0 Qc7 16. Qe2 Na5 17. Rad1 Nc4 18. Bc1 Qc5 19. Nd5 Nxd5 20. Rxd5 Qc6 21. a5 b5 22. b4 f5 23. Rfd1 f4 24. R1d3 Kh8 25. Rc3 f3 26. Qd1 fxg2 27. Bxc4 bxc4 28. Qg4 Qe8 29. Rg3 Qf7 30. Rxg2 c3 31. Be3 Rc4 32. b5 axb5 33. Rxb5 Ra4 34. h4 Bf6 35. Kh2 Qc4 36. Rb7 Qxe4 37. Qxe4 Rxe4 38. a6 Rxh4+ 39. Kg1 Ra4 40. a7 d5 41. Rb8 Rd8 42. Bb6 Rg8 43. Kf1 Ra2 44. f3 d4 45. Ke2 e4 46. fxe4 Be5 47. Rxg8+ Kxg8 48. Kd3 Ra4 49. Rf2 g6 50. Rf1 Kg7 51. Rb1 h5 52. Rb5 Ra1 53. Ra5 Rd1+ 54. Kc4 d3 55. a8Q d2 56. Ra7+ 1-0